Calls for the 10 most iconic plays in 2010s - Statistics

General Stats
  • This quiz has been taken 5 times
  • The average score is 3 of 10
Answer Stats
Season League Announcer Call % Correct
2013 NBA Mike Breen "James catches, puts up a three, won't go! {Rebound} {Bosh}, back out to Allen, his three-pointer! BANG! Tie game with 5 seconds remaining!"
75%
2012 NFL Greg Gumbel "Flacco stepping up and throwing deep down the far sideline...Caught! Into the endzone, touchdown, {Jacoby} {Jones}! How does that happen in the Denver secondary!"
50%
2011 MLB Joe Buck "Freese hits it in the air to center! {We} {will} {see} {you} {tomorrow} {night}!"
50%
2016 NBA Mike Breen "Iguodala to Curry, back to Iguodala, up for the layup...OH! {Blocked} {by} {James}! LeBron James with the rejection!"
50%
2014 NFL Al Michaels "Play clock at 5, pass is {INTERCEPTED} {at} {the} {goal} {line} by Malcolm Butler! Un-real!"
50%
2018 NFL Al Michaels "Aaaand...Oh he hits the upright again! {That's} {impossible}!
0%
2015 MLB Kenny Albert "Bautista with the drive! Deep left field! {No} {doubt} {about} {it}!"
0%
2019 NBA Kevin Harlan "It's off to Leonard, defended by Simmons, is this the dagger? OHH! Game! Series! {Toronto} {has} {won it}!"
0%
2017 NFL Joe Buck "Keenum steps into it, pass is caught! {Diggs}! {Sideline}! {Touchdown}! {Unbelievable}! Vikings win it!"
0%
2010 NFL Tom Hammond "Oh look at this run! What a run! Marshawn Lynch! Still on his feet! Has blockers now! He's {dancing} {his} {way}, for the touchdown!"
0%
No matching quizzes found
Score Distribution
Percent of People with Each Score
Percentile by Number Answered
Your Score History
You have not taken this quiz